Aulton's pharmaceutics: The design and manufacture of medicines (Record no. 7508)

MARC details
000 -LEADER
fixed length control field 00516nam a2200181Ia 4500
008 - FIXED-LENGTH DATA ELEMENTS--GENERAL INFORMATION
fixed length control field 230917s9999||||xx |||||||||||||| ||und||
020 ## - ISBN
Price RS 2595.00
040 ## - CATALOGING SOURCE
-- 5000977
Original cataloging agency VIVEKANANDA LIBRARY
041 ## - Language
-- English
082 ## - DDC NUMBER
Classification number 615.19 A54A(6)
100 ## - MAIN ENTRY--PERSONAL NAME
Personal name Taylor, Kevin M G, ed.
245 #0 - TITLE STATEMENT
Title Aulton's pharmaceutics: The design and manufacture of medicines
250 ## - EDITION STATEMENT
Edition statement 6th ed.
260 ## - PUBLICATION, DISTRIBUTION, ETC. (IMPRINT)
Place of publication, distribution, etc New Delhi
Name of publisher, distributor, etc Elsevier
Date of publication, distribution, etc 2022
300 ## - PHYSICAL DESCRIPTION
Pages xx, 946 p.
500 ## - GENERAL NOTE
General note 4840 20/12/2022 IPD22/0623A 20/12/2022 Main Budget
942 ## - ADDED ENTRY ELEMENTS (KOHA)
Koha item type Books
Holdings
Withdrawn status Lost status Damaged status Not for loan Location (home branch) Sublocation or collection (holding branch) Date acquired Koha issues (times borrowed) Koha full call number Accession No. Koha date last seen Koha item type Source of classification or shelving scheme Shelving location
        VIVEKANANDA LIBRARY VIVEKANANDA LIBRARY 04/03/2023 2 615.19 A54A(6) 403481 25/01/2025 Books    
        VIVEKANANDA LIBRARY VIVEKANANDA LIBRARY 06/03/2024 1 615.19 A54A(6) 440435 26/09/2024 Books Dewey Decimal Classification  
        VIVEKANANDA LIBRARY VIVEKANANDA LIBRARY 03/02/2025   615.19 A54A(6) 437020 03/02/2025 Books Dewey Decimal Classification Vivekananda Library
© Designed and Maintained by Vivekananda Library, MDU Rohtak